Southville International School and Colleges
Your cart is empty.
  • Cart
  • Lists
    Public lists Eva Luna New books Lux_list list_1
    Your lists Log in to create your own lists
  • Log in to your account
  • Your cookies
  • Search history
Southville International School and Colleges
  • Advanced search
  • Recent comments
  • Most popular
  • Libraries

Log in to your account

Log in with GOOGLE


If you do not have an external account, but do have a local account, you can still log in:

  1. Home
  2. MARC view: Howards End /
Normal view MARC view ISBD view

Howards End / (Record no. 222)

[ view plain ]
MARC details
000 -LEADER
fixed length control field 01191cam a22003733a 4500
001 - CONTROL NUMBER
control field 17061767
003 - CONTROL NUMBER IDENTIFIER
control field OSt
005 - DATE AND TIME OF LATEST TRANSACTION
control field 20140310181623.0
008 - FIXED-LENGTH DATA ELEMENTS--GENERAL INFORMATION
fixed length control field 921014s1985 mau d 000 1 eng d
010 ## - LIBRARY OF CONGRESS CONTROL NUMBER
LC control number 2011675206
020 ## - INTERNATIONAL STANDARD BOOK NUMBER
International Standard Book Number 0553212087 (pbk.)
020 ## - INTERNATIONAL STANDARD BOOK NUMBER
International Standard Book Number 9780553212082 (pbk.)
035 ## - SYSTEM CONTROL NUMBER
System control number (OCoLC)ocn442235415
035 ## - SYSTEM CONTROL NUMBER
System control number (OCoLC)442235415
040 ## - CATALOGING SOURCE
Original cataloging agency BPJ
Transcribing agency BPJ
Modifying agency OCLCQ
-- DLC
042 ## - AUTHENTICATION CODE
Authentication code lccopycat
050 00 - LIBRARY OF CONGRESS CALL NUMBER
Classification number PR 6011.O58
Item number .F754 1985
082 ## - DEWEY DECIMAL CLASSIFICATION NUMBER
Classification number CLA F77h
Item number 1985
100 1# - MAIN ENTRY--PERSONAL NAME
Personal name Forster, E. M.
Fuller form of name (Edward Morgan),
Dates associated with a name 1879-1970.
9 (RLIN) 3173
245 10 - TITLE STATEMENT
Title Howards End /
Statement of responsibility, etc by E.M. Forster with an introduction by Samuel Hynes.
250 ## - EDITION STATEMENT
Edition statement Bantam Classic editon, pbk.
260 ## - PUBLICATION, DISTRIBUTION, ETC. (IMPRINT)
Place of publication, distribution, etc New York :
Name of publisher, distributor, etc Bantam Books,
Date of publication, distribution, etc 1985.
300 ## - PHYSICAL DESCRIPTION
Extent xiii, 271 p. ;
Dimensions 18 cm.
490 0# - SERIES STATEMENT
Series statement A Bantam classic
541 ## - IMMEDIATE SOURCE OF ACQUISITION NOTE
-- 1
541 ## - IMMEDIATE SOURCE OF ACQUISITION NOTE
-- 2
541 ## - IMMEDIATE SOURCE OF ACQUISITION NOTE
-- 3
562 ## - COPY AND VERSION IDENTIFICATION NOTE
Number of copies For collection. 3 copies in the colection
650 ## - SUBJECT ADDED ENTRY--TOPICAL TERM
Topical term or geographic name as entry element International Baccalaureate.
9 (RLIN) 127
710 2# - ADDED ENTRY--CORPORATE NAME
Corporate name or jurisdiction name as entry element Copyright Paperback Collection (Library of Congress)
Institution to which field applies DLC
9 (RLIN) 705
906 ## - LOCAL DATA ELEMENT F, LDF (RLIN)
a 7
b cbc
c copycat
d 2
e ncip
f 20
g y-genrareb
942 ## - ADDED ENTRY ELEMENTS (KOHA)
Source of classification or shelving scheme Library of Congress Classification
Koha item type
Call number prefix
Holdings
Withdrawn status Lost status Source of classification or shelving scheme Damaged status Home library Current library Shelving location Date acquired Total Checkouts Full call number Barcode Date last seen Copy number Price effective from Koha item type
    Library of Congress Classification   Luxembourg Library Luxembourg Library Classic Section 01/27/2012   PR 6011.O58 .F754 1985 13503 08/13/2013 1 10/03/2013 Books
    Library of Congress Classification   Luxembourg Library Luxembourg Library Classic Section 07/23/2013   PR 6011.O58 .F754 1985 13504 08/13/2013 2 07/23/2013 Books
    Library of Congress Classification   Luxembourg Library Luxembourg Library Classic Section 07/23/2013   PR 6011.O58 .F754 1985 13505 08/13/2013 3 07/23/2013 Books

Howards End /

APA

Forster E. M., Copyright Paperback Collection (Library of Congress), . (1985). Howards End. New York: Bantam Books.

Chicago

Forster E M, Copyright Paperback Collection (Library of Congress), . 1985. Howards End. New York: Bantam Books.

Harvard

Forster E. M., Copyright Paperback Collection (Library of Congress), . (1985). Howards End. New York: Bantam Books.

MLA

Forster E M, Copyright Paperback Collection (Library of Congress), . Howards End. New York: Bantam Books. 1985.

  • Place hold
  • Print
  • Cite
  • Add to your cart (remove)
  • Save record
    BIBTEX Dublin Core MARCXML MARC (non-Unicode/MARC-8) MARC (Unicode/UTF-8) MARC (Unicode/UTF-8, Standard) MODS (XML) RIS
  • More searches
    Search for this title in:
    Other Libraries (WorldCat) Other Databases (Google Scholar) Online Stores (Bookfinder.com) Open Library (openlibrary.org)

Exporting to Dublin Core...

SOUTHVILLE LIBRARY

Southville International School and Colleges Library

1281 Tropical Ave. Cor. Luxembourg St., BF Homes International, Las Pinas City

Tel. No. 8256374 / 252358 Loc. 117/146

Powered by Koha